000 00341nam a2200133Ia 4500
005 20251222144705.0
008 251222s9999||||xx |||||||||||||| ||spa||
020 _a84-7827-184-8
082 _a651.74/S21
100 _aSan Pinyol, Gloria
245 0 _aManual de Comunicaciones Escritas en la Empresa
264 _bInteractiva
942 _cLIB
999 _c17610
_d17610